000 01044cam a2200205 4500
008 030311n2003 000 0 eng u
035 _a(Sirsi) u121595
100 _aColman, D.
245 _aSurviving the competition
260 _c2003
490 _aFarm Management
_v11(7) January 2003, 481-493(7)
520 _aWhile there is much talk of diversification and eco-friendly strategies in farming, market pressures are such that the mainstays of commercial farming in the UK will be ever larger intensive businesses. The number of such businesses will depend upon the inflow of new farmers/managers with the levels of commitment and managerial ability to drive successful enterprises. Considers how many such individuals are there and how much of the land and capital in UK farming will they manage. Journal abstract.
590 _aABS
650 _aAGRICULTURAL FORECASTS
650 _aAGRICULTURAL MARKETS
650 _aFARM BUSINESSES
650 _aFARM DIVERSIFICATION
690 _aRURAL-FARM BUSINESS MANAGEMENT
942 _n0
999 _c72283
_d72283